Các hình thức giới thiệu trực tiếp của người Việt /

Guardat en:
Dades bibliogràfiques
Autor principal: Nguyễn Thị Lương, PGS.TS.
Format: Article
Idioma:Vietnamese
Matèries:
Etiquetes: Afegir etiqueta
Sense etiquetes, Sigues el primer a etiquetar aquest registre!
Thư viện lưu trữ: Thư viện Trường Đại học Đà Lạt
LEADER 00791nam a2200265 4500
001 DLU120000049
005 ##20120222
040 # # |a DLU  |b vie 
041 # # |a vie 
044 # # |a vn 
100 # # |a Nguyễn Thị Lương,   |c PGS.TS. 
245 # # |a Các hình thức giới thiệu trực tiếp của người Việt /  |c Nguyễn Thị Lương. 
653 # # |a Đại từ nhân xưng 
653 # # |a Chủ thể 
653 # # |a Hình thức giới thiệu 
773 # # |t Ngôn ngữ  |g Số 10(257), 2010, tr. 14-23 
920 # # |a Phòng Tạp chí -- Trung tâm Thông tin - Thư viện Trường Đại học Đà Lạt 
994 # # |a DLU 
900 # # |a True 
911 # # |a Nguyễn Thị Linh Chi 
925 # # |a G 
926 # # |a A 
927 # # |a BB 
980 # # |a Thư viện Trường Đại học Đà Lạt